| Поле | Инд. | ПП | Название | Значение |
|---|---|---|---|---|
| Тип записи | a | |||
| Библиографический уровень | m | |||
| 001 | Контрольный номер | bdc8c463-ab0f-4e92-b0f8-3e0d5efc0d21 | ||
| 005 | Дата корректировки | 20140703145420.2 | ||
| 008 | Кодируемые данные | 021106 | ||
| 020 | c | Цена, тираж | б/ц | |
| 040 | a | Служба первич. каталог. | НБ ТвГУ | |
| 041 | a | Код языка текста | rus | |
| 080 | a | Индекс УДК | 811.112.2'367.322(043.3) | |
| 084 | a | Индекс другой классификации/Индекс ББК | Ш143.24-222я031 | |
| a | Индекс другой классификации/Индекс ББК | Ш143.24-32я031 | ||
| 090 | x | Авторский знак | Х15 | |
| a | Полочн. индекс | Ш143.24 | ||
| 100 | 1_ | a | Автор | Хайкова Инна Абрамовна |
| 245 | 10 | a | Заглавие | Семантика вопросительного предложения с отрицанием в современном немецком языке |
| b | Продолж. заглавия | автореф. дис. ... канд. филол. наук : 10.02.04 | ||
| c | Ответственность | Калинин. гос. ун-т | ||
| 260 | 0_ | a | Место издания | Калинин |
| b | Издательство | КГУ | ||
| c | Дата издания | 1984 | ||
| 300 | a | Объем | 15, [1] с. | |
| b | Иллюстрации/ тип воспроизводства | табл. | ||
| 500 | a | Примечание | На правах рукоп. | |
| 504 | a | Библиография | Библиогр. в конце кн. | |
| 583 | a | Действие | Получение впервые 313 01.09.2006 | |
| 650 | a | Основная рубрика | Немецкий язык | |
| x | Основная подрубрика | Синтаксис | ||
| x | Основная подрубрика | Семантика | ||
| x | Основная подрубрика | Вопросительное предложение | ||
| 650 | a | Основная рубрика | Предложение в немецком языке | |
| 653 | a | Ключевые слова | Немецкий язык | |
| a | Ключевые слова | Синтаксис немецкого языка | ||
| a | Ключевые слова | Предложение в немецком языке | ||
| a | Ключевые слова | Вопросительное предложение | ||
| a | Ключевые слова | Предложение с отрицанием | ||
| a | Ключевые слова | Семантика предложения | ||
| a | Ключевые слова | Авторефераты | ||
| 852 | t | Порядковый номер экземпляра | 1 | |
| p | Инвентарный номер | б/н | ||
| 888 | a | Бесплатные | ||
| 930 | a | Новая/Ретро | авторефераты | |
| 952 | p | 313.2006 б/ц 1 б/н | ||
| c | Вид литературы | А/Р н | ||
| 954 | a | Дата поступления на обработку | 20060831 | |
| 999 | a | Подразделение 2 | ч.з. |